| 000 | 01148nam a2200301Ia 4500 | ||
|---|---|---|---|
| 999 |
_c5371 _d5371 |
||
| 003 | OSt | ||
| 005 | 20200617130930.0 | ||
| 008 | 191128s2004 ck fr 000 0 spa d | ||
| 020 | _a9588225280 | ||
| 040 |
_aCO-JMCR _cCO-JMCR |
||
| 041 | 0 | _aspa | |
| 082 | 0 | 4 |
_a330.04 / _bL789r _223 |
| 100 | 1 |
_aLizarazo Rodríguez, Liliana, _eeditora _95712 |
|
| 245 | 1 | 3 |
_aLa regulación económica : _btendencias y desafíos / _cLiliana Lizarazo Rodríguez y Marcela Anzola Gil editoras académicas |
| 250 | _aPrimera edición | ||
| 260 |
_aBogotá : _bUniversidad del Rosario, _c2004 |
||
| 300 |
_a376 páginas ; _c24 cm. |
||
| 490 | 0 | _aTextos de jurisprudencia | |
| 504 | _aBibliografía: páginas 372-375 | ||
| 505 | 0 | _aConceptos y temas centrales de la regulación económica -- La regulación en diferentes sectores de la economía | |
| 650 | 1 | 4 |
_aRegulación economica _95713 |
| 650 | 1 | 4 |
_aCompetencia económica _94890 |
| 650 | 1 | 4 |
_aServicios públicos _zColombia _95714 |
| 650 | 1 | 4 |
_aControl de precios _zColombia _95715 |
| 650 | 1 | 4 |
_aRegulación del comercio _95716 |
| 700 | 1 |
_aAnzola Gil, Marcela, _eeditora _95717 |
|
| 942 |
_2ddc _cBK |
||